Statistics for Countries to which the UK Government Advises Against Travel

Click here to take the quiz!

General Stats

  • This quiz has been taken 38 times
  • The average score is 43 of 54

Answer Stats

Answer% Correct
North Korea
97%
Afghanistan*
94%
Russia*
94%
South Sudan*
94%
Niger*
92%
Sudan
92%
Belarus*
89%
Iran*
89%
Iraq*
89%
Mali*
89%
Mauritania
89%
Somalia*
89%
Yemen*
89%
Chad*
86%
Democratic Republic of the Congo
86%
Libya*
86%
Syria*
86%
Ukraine*
86%
Algeria
83%
Egypt
83%
Nigeria
83%
Pakistan
83%
Venezuela*
83%
Central African Republic*
81%
India
81%
Israel
81%
Lebanon
81%
Morocco
81%
Republic of the Congo
81%
Turkey
81%
Eritrea
78%
Jordan
78%
Myanmar
78%
Tunisia
78%
Armenia
75%
Azerbaijan
75%
Benin
75%
Saudi Arabia
75%
Togo
75%
Cameroon
72%
Georgia
72%
Haiti
72%
Indonesia
72%
Burundi*
69%
Côte d'Ivoire
69%
Ethiopia
69%
Burkina Faso*
67%
Djibouti
67%
Sri Lanka
64%
Laos
61%
Moldova
61%
Mozambique
58%
Philippines
58%
Kosovo
50%

Score Distribution

Percentile by Number Answered

Percent of People with Each Score

Your Score History

You have not taken this quiz